La clase política / (Record no. 121011)

MARC details
000 -CABECERA
campo de control de longitud fija 00819nam a2200241 a 4500
005 - FECHA Y HORA DE LA ÚLTIMA TRANSACCIÓN
campo de control 20240911064410.0
008 - ELEMENTOS DE LONGITUD FIJA--INFORMACIÓN GENERAL
campo de control de longitud fija 070125s2004 mx r 000 0 spa d
020 ## - NÚMERO INTERNACIONAL NORMALIZADO PARA LIBROS
Número Internacional Estándar del Libro 9681673379
035 ## - NÚMERO DE CONTROL DEL SISTEMA
Número de control de sistema UPN01000148870
049 ## - COLECCIÓN
Colección CG
050 #4 - SIGNATURA TOPOGRÁFICA DE LA BIBLIOTECA DEL CONGRESO
Número de clasificación JC265
Número de documento/Ítem M6.3
100 1# - ASIENTO PRINCIPAL--NOMBRE PERSONAL
Nombre de persona Mosca, Gaetano,
Fechas asociadas al nombre 1858-1941
9 (RLIN) 15505
245 13 - MENCIÓN DE TÍTULO
Título La clase política /
Mención de responsabilidad, etc. Gaetano Mosca ; selec. e introd. Norberto Bobbio ; tr. Marcos Lara.
260 ## - PUBLICACIÓN, DISTRIBUCIÓN, ETC.
Lugar de publicación, distribución, etc. México :
Nombre del editor, distribuidor, etc. FCE,
Fecha de publicación, distribución, etc. 2004.
300 ## - DESCRIPCIÓN FÍSICA
Extensión 300 p.
440 #0 - MENCIÓN DE SERIE/ASIENTO SECUNDARIO--TÍTULO
Título Conmemorativa 70 aniversario ;
Designación de volumen o secuencia 4
534 ## - NOTA SOBRE LA VERSIÓN ORIGINAL
Frase introductoria Traducción de:
Mención de título del original La classe politica
590 ## - NOTA LOCAL (RLIN)
Nota local También puedes localizar un ejemplar de este título en el "Area de Reserva"
590 ## - NOTA LOCAL (RLIN)
Nota local Bibliografía Básica (BGTQ)
650 #4 - ASIENTO SECUNDARIO DE MATERIA - TERMINO TEMATICO
Término de materia o nombre geográfico como elemento de entrada Ciencias políticas
9 (RLIN) 6023
700 1# - ASIENTO SECUNDARIO--NOMBRE DE PERSONAL
Nombre de persona Bobbio, Norberto,
Fechas asociadas al nombre 1909-2004
Término indicativo de función/relación comp.
905 ## - TIPO DE MATERIAL
Tipo de material Libro
Holdings
Estado de retiro Estado de pérdida Fuente del sistema de clasificación o colocación Estado dañado No para préstamo Código de colección Localización permanente Ubicación/localización actual Ubicación en estantería Fecha de adquisición Total de préstamos Clasificación Código de barras Fecha visto por última vez Número de copia Tipo de ítem Koha Restricciones de uso
    Library of Congress Classification     Colección General Bib. Gregorio Torres Quintero Bib. Gregorio Torres Quintero Planta baja 02/03/2022 3 JC265 M6.3 241385 02/03/2022 1 Libro  
    Library of Congress Classification     Bibliografía básica Bib. Gregorio Torres Quintero Bib. Gregorio Torres Quintero Colecciones especiales Planta alta 30/01/2023   JC265 M6.3 241384 31/12/2020 1 Libro por horas Préstamo por horas
    Library of Congress Classification     Colección General Bib. Gregorio Torres Quintero Bib. Gregorio Torres Quintero Planta baja   4 JC265 M6.3 247624 31/12/2020 1 Libro